000 01569nam a2200289 a 4500
005 20140903174311.0
008 130821s xx fr 1 lat
040 _aCo-BoUCM
_bspa
_cSandra Yazo (modificó)
_dSandra Yazo
041 0 _alat
092 _aE14N091
100 1 _aBrassavola, Antonio Musa
_cMédico
_d(1500- 1555).
_960032
242 _aÍndice condensadísimo de todos los libros de Galeno
245 1 0 _aAntonii Mvsae Brasavoli ... Index refertissimvs in omnes Galeni libros (...)
260 _a[Lugar desconocido]
_b[Editorial desconocida]
_c[fecha desconocida]
300 _a[2], 9-525 folios
500 _aDetalles físicos: Ejemplar sin encuadernación original, falta portada y últimas páginas.
506 _aConsulta en sala.
520 _aA "agudo" (=acutus), hasta la U "orina" (=urina), donde a cada concepto corresponden los lugares de las obras de Galeno donde se trata de ese tema.
546 _aTexto en latín y algunas expresiones en griego
600 1 _aGaleno
_vComentarios
_960033
650 7 _aMedicina antigua
_vÍndices
_xObras anteriores a 1600
_919130
650 7 _aMedicina griega y romana
_vÍndices
_xObras anteriores a 1600
_919161
690 _942847
_aHistoria de la medicina
856 4 _zDisponible en línea edición de 1609
_uhttp://books.google.com/books?id=7tRCAAAAcAAJ&pg=PR6&dq=Index+refertissimvs+in+omnes+Galeni+libros&hl=es&ei=AbapTvGFKInYgQeTw9QS&sa=X&oi=book_result&ct=result&resnum=3&ved=0CEAQ6AEwAg#v=onepage&q=Index%20refe
942 _cLIBRO
_a15
_e1
_2DEWEY
_h610
999 _c76343
_d76343